000 00334nam a2200145Ia 4500
008 230718s9999 xx 000 0 und d
041 _aEng.
082 _a348.5491
_bMUH-C
100 _aMuhammad wahaj azhar
245 0 _acivil law case
260 _aPakistan
_bPLD publisher
_c2021
300 _a626
650 _aLaw
999 _c32979
_d32979